• 首页
  • 本馆介绍
  • 公告通知
  • 最新文献
  • 馆藏检索
  • 电子资源
  • 读者导购
  • 参考咨询
  • 我的图书馆
  • 登录
  • 详细信息显示
  • 放入我的书架
  • 预约/预借图书
  • 作者相关作品
  • 分类相关作品
  • 丛书相关作品
  • 出版社相关作品

书目信息

  • 表格格式
  • 工作单格式
  • 卡片格式
题名:
府兵制度考释
    
 
作者: 谷霁光 著
分册:  
出版信息: 上海   上海人民出版社  1962.7
页数: 308页
开本: 20cm
丛书名:
单 册:
中图分类: K206.4
科图分类:
主题词: 中国--通史
电子资源:
ISBN:
000 00534nam0 2200205 45
001 0306241604
005 20031219104111.7
010    @dCNY1.25
091    @a11074.323
100    @a20030624d1962 km y0chiy0120 ea
101 0  @achi
105    @a z 000yy
200 1  @a府兵制度考释@AFu Bing Zhi Du Kao Shi@f谷霁光著@FGu Ji Guang Zhu
210    @a上海@c上海人民出版社@d1962.7
215    @a308页@d20cm
606 0  @a中国@x通史
690    @aK206.4@v3
701  0 @a谷霁光@4著
801    @aCN@bTSTC@c20030624
905    @b2477@dK206.4@e1@f1
    
    府兵制度考释/谷霁光著.-上海:上海人民出版社,1962.7
    308页;20cm
    
    
    ISBN :CNY1.25
    
●
相关链接 在E读中查询图书 在五车中查询图书 在当当中查询图书 在豆瓣中查询图书


正题名:府兵制度考释     索取号:K206.4/1         预约/预借

序号 登录号 条形码 馆藏地/架位号 状态 备注
1 0002477   001823753   密集书库/ [索取号:K206.4/1] 在馆    
唐山师范学院图书馆 欢迎您!
大连网信软件有限公司© 版权所有